Listado de los peces de la cuenca del río Putumayo en un sector colombo-peruano (Registro nro. 16245)

Detalles MARC
000 -CABECERA
Campo de control 006470000a22002170004500
090 ## - CLASIFICACIÓN LOCAL
Colección AS
Consecutivo SERIADAS
041 0# - IDIOMA
Código de idioma para texto/pista de sonido o título separado
041 0# - IDIOMA
Código de idioma para texto/pista de sonido o título separado
044 ## - PAÍS DE PUBLICACIÓN
País de publicación
100 1# - ASIENTO PRINCIPAL--NOMBRE PERSONAL
Nombre personal Ortega, Hernán
245 10 - MENCION DE TITULO
Título Listado de los peces de la cuenca del río Putumayo en un sector colombo-peruano
651 #4 - ASIENTO SECUNDARIO DE MATERIA - NOMBRE GEOGRAFICO
-- Colombia
-- Río Putumayo
700 1# - ASIENTO SECUNDARIO - NOMBRE PERSONAL
Nombre personal Mojica, José Iván
700 1# - ASIENTO SECUNDARIO - NOMBRE PERSONAL
Nombre personal Hidalgo, Max
773 1# - Item fuente:
Título Biota Colombiana
Descripción física 1
Paginas del Articulo 95-112
Lugar, editorial y fecha de publicación 2006
Información sobre la relación 7
942 ## - ELEMENTOS ADICIONALES (KOHA)
Tipo de ítem Artículo

No hay ítems disponibles.